00731nam a22001937a 450000500170000001000150001702000230003203500140005503700090006908200160007824500650009425000060015926000450016527001020021030000220031294200270033499900190036195201570038020250127105430.0 aENG-143606 a8188141097c550.00 aEN-127138 bDBAD a947.084121 aS. A. Dange Selected Writings/cby Vichar Bharati Prakashan  a1 aMumbaib Vichar Bharati Prakashan c2021 a33, Bhalchandra Road, DadarbMumbaie400014k24149524k24143194mVicharBharatiPrakashan@yahoo.com a368p.c22 cm.(hb) 2ddccENh947.0841mSAD c208779d208779 001040708NFICaVPbVPd2025-01-27eDelivery of Books Act Divisiong550.00l0o947.0841 SADpEN-127138r2025-01-27 00:00:00t1v550.00w2025-01-27yEN